00990cam a22002531 4500001001300000003000400013005001700017008004100034010001700075040001900092043001200111050001800123051012700141100003100268245004700299260002600346300002300372500001900395500012100414500008700535650005100622650004600673999001700719tmp46000616 DLC20260227112752.0010707s1830 pau 000 0 eng  atmp46000616  aDLCcCarPdDLC an-us-pa00aHD6096.P5bC3 aH33b.C3 no. 14cAnother copy of the third letter is in his Miscellaneous pamphlets. [Philadelphia, 1831] 24 cm. no. 141 aCarey, Mathew,d1760-1839.10aTo the printer of the Delaware advertiser. a[Philadelphia,c1830] a4, 4, 4 p.c21 cm. aCaption title. aThree letters on the low wages paid to women, signed by M. Carey, and dated February 9, March 1, and March 30? 1830. aLC copy of third letter imperfect: four lines at bottom of each page cut off.5DLC 0aWomenxEmploymentzPennsylvaniazPhiladelphia. 0aWagesxWomenzPennsylvaniazPhiladelphia. c90998d90998